América Central: Esquipulas de los pueblos
Con el afán de evaluar los alcances logrados un año despúes de firmado el tratado Esquipulas II, representantes de universidades y centros de investigación, así como distintas iglesias y órdenes religiosas de Centroamérica, realizaron una reunión donde coincidieron en la necesidad de lograr un proce...
Bewaard in:
| Formaat: | Boek |
|---|---|
| Taal: | Spanish |
| Onderwerpen: | |
| Tags: |
Voeg label toe
Geen labels, Wees de eerste die dit record labelt!
|
MARC
| LEADER | 00000nam a22000007a 4500 | ||
|---|---|---|---|
| 003 | cru CIDCACS/IIS | ||
| 005 | 20200527103939.0 | ||
| 008 | 191016b ||||| |||| 00| 0 spa d | ||
| 999 | |c 42490 |d 42490 | ||
| 040 | |c cru CIDCACS/IIS | ||
| 245 | 0 | |a América Central: |b Esquipulas de los pueblos | |
| 300 | |a páginas 11-12 | ||
| 500 | |a También EN: Haize Hegoa (Hegoa), nº 1, julio-agosto 1989, pp.11-12 # acceso CRAI-IIS: REV0511 (1) 1989 | ||
| 520 | |a Con el afán de evaluar los alcances logrados un año despúes de firmado el tratado Esquipulas II, representantes de universidades y centros de investigación, así como distintas iglesias y órdenes religiosas de Centroamérica, realizaron una reunión donde coincidieron en la necesidad de lograr un proceso de pacificación sin ninguna intervención extranjera, orientado a la búsqueda de paz negociada de los conflictos nacionales de cada uno de los países de la región para garantizar la seguridad regional. Se resalta la importancia de crear una corriente social de amplia participación que conforme un Esquipulas de los pueblos a través de la cual se expresan los más amplios sectores del pueblo centroamericano. OB/EL | ||
| 650 | 4 | |9 3229 |a PLANES DE PAZ | |
| 650 | 7 | |9 8698 |a GRUPO DE CONTADORA | |
| 650 | 0 | |9 4401 |a CRISIS ESTRUCTURAL | |
| 650 | 0 | |9 381 |a INTEGRACION REGIONAL | |
| 650 | 0 | |9 138 |a PAZ | |
| 650 | 4 | |9 2733 |a AUTODETERMINACION | |
| 650 | 4 | |9 1921 |a INTERVENCION EXTRANJERA | |
| 650 | 4 | |9 1849 |a DEMOCRATIZACION | |
| 773 | 0 | |0 42391 |9 3610 |a Agencia Latinoamericana de Información, ALAI |d Quito, Ecuador: ALAI |o 06976 |t ALAI: |x 08275564 (Servicio mensual de información y documentación) | |
| 942 | |2 ddc |c PP | ||
